| 000 | 01731nam0a2200409 4500 | ||
|---|---|---|---|
| 001 | RU\NLR\bibl\430555 | ||
| 005 | 20250622180610.0 | ||
| 010 |
_a5-9434-0010-1 _bВ пер. _91000 |
||
| 021 |
_aRU _b2003-29774 _91404 |
||
| 035 | _a(NLR Aleph) 000424416 | ||
| 090 |
_a715341 _c715341 |
||
| 100 | _a20030805d2003 |||y0rusy50 ca | ||
| 101 | 0 | _arus | |
| 102 | _aRU | ||
| 105 | _aa ||||||||| | ||
| 200 | 1 |
_aНейросоматические соотношения у больных раком молочной железы _fИ.Г. Терентьев, А.С. Ожерельев, А.В. Алясова и др. |
|
| 210 |
_aМ. _cРОНЦ _d2003 |
||
| 215 |
_a300 с. _cил. _d21 |
||
| 320 | _aБиблиогр.: с. 263-300 | ||
| 606 | 0 |
_aПсихосоматические расстройства при раке молочных желез _92299881 _3RU\NLR\auth\661376996 |
|
| 610 | 0 | _aОнкологические больные - Психика | |
| 610 | 0 | _aПсихосоматические расстройства - Психотерапия | |
| 610 | 0 | _aРак молочной железы - Реабилитация больных | |
| 675 |
_a618.19-006.6-06:616.8 _v3 _zrus |
||
| 686 |
_a76.29 _2rugasnti |
||
| 686 |
_a55.6 _2rubbk |
||
| 686 | _aР645.569.133.1 | ||
| 701 | 1 |
_4070 _aТерентьев _bИ. Г. _cд-р мед. наук _gИгорь Георгиевич _9171047 _3RU\NLR\AUTH\770171097 |
|
| 701 | 1 |
_aОжерельев _bА. С. _4070 |
|
| 701 | 1 |
_aАлясова _bА. В. _gАнна Валерьевна _4070 |
|
| 801 | 0 |
_aRU _bRKP _c20030805 _gPSBO |
|
| 801 | 1 |
_aRU _bRKP _c20030805 |
|
| 801 | 2 |
_aRU _bNLR _c20050111 _grcr |
|
| 942 | _cBOOK | ||
| 980 | _aNB | ||